|
|
|
|
| LEADER |
00842nab a2200217 i 4500 |
| 001 |
misc63726 |
| 005 |
20220920120523.0 |
| 008 |
220802s1914 hu o 0|| hun d |
| 040 |
|
|
|a SZTE Miscellanea Repozitórium
|b hun
|
| 041 |
|
|
|a hun
|
| 100 |
1 |
|
|a Mészáros Gyula
|
| 245 |
1 |
2 |
|a A magyar kerek tükör
|h [elektronikus dokumentum] :
|b második közlemény /
|c Mészáros Gyula
|
| 260 |
|
|
|c 1914
|
| 300 |
|
|
|a p. 235-248.
|c 29 cm
|
| 490 |
0 |
|
|a Ethnographia : a Magyarországi Néprajzi Társaság hivatalos értesítője;Magyar Nemzeti Múzeum Néprajzi Osztályának Értesítője
|
| 561 |
|
|
|a Németh Gyula hagyaték
|
| 591 |
|
|
|a NOA 3663
|
| 650 |
|
4 |
|a Társadalomtudományok
|
| 650 |
|
4 |
|a Szociológia
|
| 695 |
|
|
|a Néprajz - magyar
|
| 856 |
4 |
0 |
|u http://misc.bibl.u-szeged.hu/63726/1/3663_noa_m57_01.pdf
|z Dokumentum-elérés
|